| 000 | 00538nam a22001577a 4500 | ||
|---|---|---|---|
| 003 | SISC | ||
| 005 | 20170523134501.0 | ||
| 008 | 170523b xxu||||| |||| 00| 0 eng d | ||
| 020 | _a9789719617587 | ||
| 050 |
_aRC 86.7 _b.V632 2015 |
||
| 100 | _aVicente, Jezreel B. | ||
| 245 |
_aHandbook on first aid, rescue & water safety / _cJezreel B. Vicente, Rhescien Mae B. Vicente, Maria Krisia Fae R. Dea Asis. |
||
| 260 |
_aManila : _bWiseman's Books Trading, Inc., _c2015. |
||
| 300 |
_a157 pages : _billustrations ; _c22 cm. |
||
| 942 |
_2lcc _cBK |
||
| 999 |
_c335170 _d335170 |
||